=LDR 00000nam 2200000 4500 =001 INLIS000000000038344 =005 20240612013012 =035 ##$$a 0010-061300000038344 =008 240612################g##########0#ind## =041 ##$$a Ind =082 ##$$a 641.8 =090 ##$$a 641.8, Pam p =100 ##$$a Pamuji, Daddy =245 1#$$a Penganan manis favorit anak, /$c Doddy Pamuji =260 ##$$a Jakarta :$b Gramedia,$c 2011 =300 ##$$a 40 hlm : $b Ilus ; $c 21 cm =650 #4$$a Kue - Resep =850 ##$$a NBPNMAT =020 ##$$a 979-655-445-3 =084 ##$$a 641.8 PAM p =990 ##$$a 0001/BPAP-NTB/20142014 =990 ##$$a 21109450